00910nam a2200241Ia 4500003000400000005001700004006001800021007000300039008004100042024001000083037001100093040001800104041001300122100002700135110007700162245026000239260000900499650001300508700003900521700007700560942001200637999001900649OSt20220930082522.0a|||||r|||| 00| 0ta220926b |||||||| |||| 00| 0 eng d a34506 cTheses aCRLcCRLbeng 2engaeng aAnupam Prakash9531693 aUniversity of Delhi. Faculty of Medical Sciences. Department of Medicine 0aEffect of angiotensin converting enzyme inhibitor (Ramipril) on urinary albumin excretion rate and its relationship with ambulatory blood pressure, serum renin concentrations and diabetic retinopathy in non-insulin dependent diabetes mellitus patients wit c1999 aMEDICINE a Dr S K Agarwal Supervisor9525174 aUniversity of Delhi. Faculty of Medical Sciences. Department of Medicine cDIS2CC c873332d873332